Exercise physiology : fitness and performance capacity studies = Physiologie de leffort : etudes physiologiques de la condition physique et de laptitude a la performance /

Bibliographic Details
Corporate Author: International Congress of Physical Activity Sciences Québec, Québec
Other Authors: Landry, Fernand, Orban, William Andrew Robert, 1922-
Format: Conference Proceeding Book
Language:English
French
Published: Miami, Fla. : Symposia Specialists, [1978]
Series:Sports sciences collection.
Subjects:

MARC

Tag First Indicator Second Indicator Subfields
LEADER 00000cam a2200000 i 4500
001 in00000058256
005 20151008051518.0
008 791120s1978 flua b 10110 eng
010 |a  78055934  
020 |a 0883721074 
035 |a (OCoLC)05799844 
035 |9 AAG8370AM 
040 |a DLC  |c DLC  |d TXA  |d UtOrBLW 
041 0 |a eng  |a fre 
049 |a TXAM  |c [1497394] 
050 0 0 |a GV565  |b .I57 1976, bk. 4  |a QP301 
082 0 |a 613.7 s  |a 612/.044 
111 2 |a International Congress of Physical Activity Sciences  |d (1976 :  |c Québec, Québec) 
245 1 0 |a Exercise physiology :  |b fitness and performance capacity studies = Physiologie de leffort : etudes physiologiques de la condition physique et de laptitude a la performance /  |c compiled and edited by Fernand Landry, William A. R. Orban. 
246 3 1 |a Physiologie de leffort  
264 1 |a Miami, Fla. :  |b Symposia Specialists,  |c [1978] 
264 4 |c ©1978 
300 |a xxiii, 633, xxv-xxx pages :  |b illustrations ;  |c 24 cm. 
336 |a text  |b txt  |2 rdacontent 
337 |a unmediated  |b n  |2 rdamedia 
338 |a volume  |b nc  |2 rdacarrier 
490 1 |a A Collection of the formal papers presented at the International Congress of Physical Activity Sciences = Recueil des communications presentees dans le cadre du Congres international des sciences de l'activite physique ; book 4 
490 1 |a Sports sciences collection = Collection sciences de l'activite physique = Sportwissenschaftliche Reihe = Nauchnaia seriia o fizicheskoi kulture i o sporte = Coleccion ciencias del deporte = Supotsu kagaku sosho 
500 |a English or French. 
504 |a Includes bibliographies and indexes. 
650 0 |a Exercise  |x Physiological aspects  |v Congresses. 
650 0 |a Sports  |x Physiological aspects  |v Congresses. 
650 0 |a Physical fitness  |v Congresses. 
700 1 |a Landry, Fernand. 
700 1 |a Orban, William Andrew Robert,  |d 1922- 
740 0 |a Physiologie de l'effort. 
811 2 |a International Congress of Physical Activity Sciences  |d (1976 :  |c Québec, Québec).  |t Collection of the formal papers presented at the International Congress of Physical Activity Sciences ;  |v book 4. 
830 0 |a Sports sciences collection. 
999 |a MARS 
999 f f |s a76a46c4-474d-3925-a6f8-a7fe3abc4e9c  |i 41200573-7057-3fc2-9023-6c9342f13b9f  |t 0 
952 f f |p ric  |a Texas A&M University  |b Rellis Campus  |c Joint Library Facility  |d Remote Storage  |t 0  |e GV565 .I57 1976, bk. 4  |h Library of Congress classification  |i unmediated -- volume  |m A14802464427 
998 f f |a GV565 .I57 1976, bk. 4  |t 0  |l Remote Storage